Normal view
MARC view
- ESRI Press
Entry Personal Name
001 - CONTROL NUMBER
- control field: 133102
003 - CONTROL NUMBER IDENTIFIER
- control field: NUST
005 - DATE AND TIME OF LATEST TRANSACTION
- control field: 20260206152341.0
008 - FIXED-LENGTH DATA ELEMENTS
- fixed length control field: 260206|| aca||aabn | a|a d
040 ## - CATALOGING SOURCE
- Original cataloging agency: NUST
- Transcribing agency: NUST
100 ## - HEADING--PERSONAL NAME
- Personal name: ESRI Press
670 ## - SOURCE DATA FOUND
- Source citation: Work cat.: (NUST): ESRI Press, Geoprocessing in ArcGIS: ArcGIS 9 /, 2004.
